|
|
|
|
| LEADER |
00000nam a22000007a 4500 |
| 005 |
20210506004058.0 |
| 007 |
cr|||| |||| |
| 008 |
210506s2020 co |||||s|||| 00||0 spa d |
| 020 |
|
|
|a 978-958-665-614-6
|
| 035 |
|
|
|a 33257
|
| 040 |
|
|
|a vLex
|
| 090 |
|
|
|c 11618
|d 11618
|
| 100 |
1 |
|
|a Cortš Rodas, Francisco
|
| 245 |
1 |
3 |
|a Del arte de la paz
|h [Recurso electrn̤ico] :
|b Reflexiones filosf̤icas sobre justicia transicional /
|c Francisco Cortš Rodas
|
| 256 |
|
|
|a Servicio en ln̕ea
|
| 260 |
|
|
|a Bogot:̀
|b Siglo del Hombre Editores,
|c 2020
|
| 300 |
|
|
|a 1 recurso electrn̤ico
|
| 500 |
|
|
|a El discurso sobre justicia transicional en Colombia plantea una solucin̤ polt̕ica con un grado importante de justicia penal y restaurativa, pero ha dejado de lado las cuestiones que han causado el conflicto , como la desigualdad econm̤ica, la concentracin̤ de la propiedad, la cuestin̤ agraria, la debilidad institucional y la precaria presencia del Estado en el territorio nacional. Con un estilo g̀il, claro y vehemente, el autor --columnista del diario El Colombiano-- hace una aproximacin̤ filosf̤ica al modelo de justicia transicional colombiano desde autores cls̀icos y contemporǹeos que se refieren al Estado de derecho, la democracia, la justicia criminal y la justicia restaurativa.
|
| 506 |
1 |
|
|a Disponible solo en los productos indicados
|d vLex Global
|d vLex Global (Academic Edition, excluding Law Schools)
|d vLex Global (U.S. Academic Edition, Law Schools)
|d vLex Global (U.S. Academic Edition, excluding Law Schools)
|d vLex Global (Academic Edition, Law Schools)
|
| 650 |
0 |
4 |
|a Derecho Penal
|z Colombia
|
| 650 |
0 |
4 |
|a Ciencias sociales
|z Colombia
|
| 650 |
0 |
4 |
|a Humanidades
|z Colombia
|
| 740 |
0 |
|
|a vLex Libros (Servicio en ln̕ea)
|
| 856 |
4 |
0 |
|u https://vlex.com/source/arte-de-la-paz-reflexiones-filosoficas-sobre-justicia-transicional-33257
|z Acceso restringido
|
| 942 |
|
|
|c BOOK
|
| 999 |
0 |
|
|a Criminal Law
|
| 999 |
0 |
|
|a Social Sciences
|
| 999 |
0 |
|
|a Humanities
|